Trúng số độc đắc Tiểu thuyết

में बचाया:
ग्रंथसूची विवरण
मुख्य लेखक: Vũ Trọng Phụng
स्वरूप: पुस्तक
भाषा:Undetermined
प्रकाशित: Hà Nội Hội nhà văn 2000
विषय:
टैग : टैग जोड़ें
कोई टैग नहीं, इस रिकॉर्ड को टैग करने वाले पहले व्यक्ति बनें!
Thư viện lưu trữ: Trung tâm Học liệu Trường Đại học Cần Thơ
LEADER 00572nam a2200181Ia 4500
001 CTU_46867
008 210402s9999 xx 000 0 und d
082 |a 895.922331 
082 |b Ph513ts/2000 
100 |a Vũ Trọng Phụng 
245 0 |a Trúng số độc đắc 
245 0 |b Tiểu thuyết 
245 0 |c Vũ Trọng Phụng 
260 |a Hà Nội 
260 |b Hội nhà văn 
260 |c 2000 
650 |a vietnamese fiction - 20th century,vietnamese literature - 20th century 
980 |a Trung tâm Học liệu Trường Đại học Cần Thơ